Guess the famous movies by emojis - Statistics

General Stats
  • This quiz has been taken 1,402 times
  • The average score is 5 of 10
Answer Stats
Hint Answer % Correct
๐Ÿ•ท๐Ÿ‘จ Spiderman
94%
๐Ÿฆ‡๐Ÿ‘จ Batman
88%
๐Ÿฆ›๐Ÿฆ๐Ÿฆ’๐Ÿฆ“๐Ÿง๐Ÿง๐Ÿง๐Ÿง Madagascar
83%
๐Ÿฆ”๐ŸŸฆโšก Sonic the Hedgehog
69%
โ†ฉ2๏ธโƒฃ๐Ÿ”ฎ Back To The Future
62%
๐Ÿ‘ป๐Ÿ”ช๐ŸŽƒ Halloween
61%
๐Ÿงธ๐Ÿ“• Toy Story
25%
๐Ÿ‘ฝ๐Ÿ†š๐Ÿ”ซ๐Ÿ’€ Alien Vs Predator
24%
๐ŸŸฅ๐Ÿ‘จ๐ŸŸฉ๐Ÿ‘จ๐Ÿ‘ธ Super Mario
17%
๐Ÿป๐Ÿฐ๐Ÿฃ๐ŸฆŠ Five Nights At Freddy's
6%
No matching quizzes found
Score Distribution
Percent of People with Each Score
Percentile by Number Answered
Your Score History
You have not taken this quiz